000 00692nam a2200205 i 4500
001 176097
003 ES-MaACL
005 20250804120526.0
007 t|
008 101216s1955 sp o ||||1| spa d
080 _a730(460.27 M.)
100 1 _aSanz García, José María.
_9103643
245 1 0 _aMadrid es así
_b: representación gráfica de la Villa y Corte.
_nI,
_pCien monumentos callejeros /
_cpor José Mª Sanz García.
250 _a1ª ed.
260 _aMadrid :
_bServicio Comercial del Libro,
_c1955.
300 _a[18], [84] p. de fot. bl. y n. ;
_c22 cm.
650 0 4 _aMonumentos-
_zMadrid
_915181
852 _aES-MaACL
_j2272-F-9
_xOlim P-901
999 _c176097
_d176097